00511nam a22001817a 4500003000500000005001700005008004100022020001400063040001900077082001600096100002400112245004900136260003600185300002600221538003400247650002200281856002600303Nust20170526165357.0131220b xxu||||| |||| 00| 0 eng d cAvailable aDLCbDLCcRCMS a070.319 SHE aMughees uddin shikh aABC of Radio JournalismcMughees uddin shikh aLahorebIlmi Kitab Khanacc2008 a80 p. ;bill:c24,cm. iShelf # 13, Row # 3, Fiction. aRadio Journalism. 3Table of Content Only